Cyclisme : Grand Tour de 1970 à 1999 - Statistiques

Statistiques générales
  • Ce quiz a été pris 67 fois
  • Le résultat moyen est 60 sur 93
Statistiques - réponses
Années Pays Grand Tour % Correct
1985 🇫🇷 Hinault
100%
1982 🇫🇷 Hinault
100%
1980 🇫🇷 Hinault
100%
1985 🇫🇷 Hinault
100%
1982 🇫🇷 Hinault
100%
1981 🇫🇷 Hinault
100%
1979 🇫🇷 Hinault
100%
1978 🇫🇷 Hinault
100%
1983 🇫🇷 Hinault
100%
1978 🇫🇷 Hinault
100%
1990 🇺🇲 LeMond
98%
1989 🇺🇲 LeMond
98%
1986 🇺🇲 LeMond
98%
1989 🇫🇷 Fignon
97%
1984 🇫🇷 Fignon
97%
1983 🇫🇷 Fignon
97%
1998 🇮🇹 Pantani
97%
1998 🇮🇹 Pantani
97%
1974 🇧🇪 Merckx
95%
1973 🇧🇪 Merckx
95%
1972 🇧🇪 Merckx
95%
1970 🇧🇪 Merckx
95%
1974 🇧🇪 Merckx
95%
1972 🇧🇪 Merckx
95%
1971 🇧🇪 Merckx
95%
1970 🇧🇪 Merckx
95%
1973 🇧🇪 Merckx
95%
1993 🇪🇦 Indurain
93%
1992 🇪🇦 Indurain
93%
1995 🇪🇦 Indurain
93%
1994 🇪🇦 Indurain
93%
1993 🇪🇦 Indurain
93%
1992 🇪🇦 Indurain
93%
1991 🇪🇦 Indurain
93%
1997 🇩🇪 Ullrich
92%
1999 🇩🇪 Ullrich
92%
1987 🇮🇪 Roche
90%
1987 🇮🇪 Roche
90%
1977 🇫🇷 Thevenet
90%
1975 🇫🇷 Thevenet
90%
1996 🇩🇰 Riis
86%
1995 🇫🇷 Jalabert
83%
1973 🇪🇦 Ocana
80%
1970 🇪🇦 Ocana
80%
1988 🇪🇦 Delgado
78%
1989 🇪🇦 Delgado
78%
1985 🇪🇦 Delgado
78%
1980 🇳🇱 Zoetemelk
76%
1979 🇳🇱 Zoetemelk
76%
1995 🇨🇭 Rominger
69%
1994 🇨🇭 Rominger
69%
1993 🇨🇭 Rominger
69%
1992 🇨🇭 Rominger
69%
1976 🇧🇪 Van Impe
69%
1997 🇨🇭 Zülle
58%
1996 🇨🇭 Zülle
58%
1999 déclassé
56%
1984 🇮🇹 Moser
56%
1988 🇮🇪 Kelly
53%
Années Pays Giro d'Italia
49%
Années Pays Tour de France
49%
Années Pays Vuelta España
49%
1990 🇮🇹 Bugno
47%
1987 🇨🇴 Herrera
47%
1976 🇮🇹 Gimondi
42%
1996 🇷🇺 Tonkov
34%
1994 🇷🇺 Berzin
32%
1977 🇧🇪 Maertens
32%
1998 🇪🇦 Olano
32%
1983 🇮🇹 Saronni
32%
1979 🇮🇹 Saronni
32%
1999 🇮🇹 Gotti
27%
1997 🇮🇹 Gotti
27%
1991 🇪🇦 Mauri
27%
1984 🇫🇷 Caritoux
25%
1988 🇺🇲 Hampsten
24%
1977 🇧🇪 Pollentier
24%
1981 🇮🇹 Battaglin
19%
1981 🇮🇹 Battaglin
19%
1974 🇪🇦 Fuente
17%
1972 🇪🇦 Fuente
17%
1971 🇸🇪 Pettersson
15%
1986 🇮🇹 Visentini
15%
1971 🇧🇪 Bracke
14%
1990 🇮🇹 Giovannetti
14%
1982 🇪🇦 Lejarreta
14%
1975 🇮🇹 Bertoglio
12%
1991 🇮🇹 Chioccioli
10%
1986 🇪🇦 Pino
10%
1978 🇧🇪 Muynck
8%
1976 🇪🇦 Pesarrodona
8%
1980 🇪🇦 Ruperez
8%
1975 🇪🇦 Tamames
8%
Aucun quiz correspondant
Distribution des résultats
% des personnes avec chaque résultat
Percentile par nombre de réponses
Votre historique - résultats
Vous n’avez pas pris ce quiz